000 00660nam a22002177a 4500
999 _c12498
_d12498
003 AR-CdUCM
008 190409b ||||| |||| 00| 0 spa d
020 _a978-607-32-3440-5
040 _aMUNICIPALIDAD PROVINCIAL DEL CUSCO
_cBIBLIOTECA MUNICIPAL DEL CUSCO
082 _aEP / 804 /
_bC69
100 _aClevit, Sofía
_930364
245 _aJade, el laberinto de un sueño /
260 _aMéxico :
_bPearson,
_c2016.
300 _a157 páginas
_c21 cm.
505 _aContenido :Jade, el laberinto de un sueño.
650 _aCuentos
_9217
650 _aHistorietas
_910786
700 _aBalcázar, Abraham
_930365
942 _2ddc
_cLIBROS
945 _arum